Estudios de gramática funcional del español

Spremljeno u:
Bibliografski detalji
Glavni autor: Alarcos Llorach, Emilio
Format: Knjiga
Jezik:Undetermined
Izdano: Madrid, España Gredos 1970
Teme:
Oznake: Dodaj oznaku
Bez oznaka, Budi prvi tko označuje ovaj zapis!

MARC

LEADER 00000nam a2200000Ia 4500
008 170316s9999 xx 000 0 und d
090 |a 415-E A-2e 
100 |a Alarcos Llorach, Emilio 
245 |a Estudios de gramática funcional del español 
260 |a Madrid, España 
260 |b Gredos 
260 |c 1970 
300 |a 257 páginas 
650 |a GRAMÁTICA ESPAÑOLA 
999 |c 18896  |d 18896 
040 |a cru BVZT 
942 |c 15 D  |h 415-E A-2e  |2 z